Historia 2 : europa moderna y américa colonial /

Guardado en:
Autor Principal: Alonso, María Ernestina
Otros Autores: Elisalde, Roberto Mario, Vázquez, Enrique Carlos
Formato: Libro
Publicado: Buenos Aires, Aique. 1994 :
Materias:
Etiquetas: Agregar Etiqueta
Sin Etiquetas, Sea el primero en etiquetar este registro!
LEADER 01698nam a22003135a 4500
001 CEM.cems007534
008 130507b1994##################000#0#####d
005 20241220095159.0
245 1 0 |a Historia 2 :  |b europa moderna y américa colonial /  |c María Ernestina Alonso, Roberto Mario Elisalde, Enrique Carlos Vázquez 
260 |a Buenos Aires,  |c 1994 :  |b Aique. 
300 |a 319 p. 
505 0 |a La formación del mundo moderno -- La conquista de América -- Los orígnes de la sociedad capitalista -- América en el siglo XVIII: dominio colonial y emancipación -- Hacia la consolidación del capitalismo -- La independencia de las Provincias Unidas del Río de la Plata 
020 |a 9507012028 
100 1 |a Alonso, María Ernestina 
700 1 |a Elisalde, Roberto Mario 
700 1 |a Vázquez, Enrique Carlos 
082 0 4 |a Z940.2 
653 |a Historia 
653 |a Historia-8º egb 
859 |a CEMS  |b BIB. CEMS - Agricultura  |h 940.2  |i Al722  |p A2977.17  |t Ej.1  |v 2  |3 2 
859 |a CEMS  |b BIB. CEMS - 11 de abril  |h 940.2  |i Al64  |p 17589.94  |t Ej.1  |v II  |3 II 
859 |a CEMS  |b BIB. CEMS - 11 de abril  |h 940.2  |i Al64  |p 17590.94  |t Ej.2  |v II  |3 II 
859 |a CEMS  |b BIB. CEMS - 11 de abril  |h 940.2  |i Al64  |p 17591.94  |t Ej.3  |v II  |3 II 
859 |a CEMS  |b BIB. CEMS - 11 de abril  |h 940.2  |i Al64  |p 17592.94  |t Ej.4  |v II  |3 II 
859 |a CEMS  |b BIB. CEMS - 11 de abril  |h 940.2  |i Al64  |p 17593.9  |t Ej.5  |v II  |3 II 
859 |a CEMS  |b BIB. CEMS - 11 de abril  |h 940.2  |i Al64  |p 18363.95  |t Ej.7  |v II  |3 II 
859 |a CEMS  |b BIB. CEMS - 11 de abril  |h 940.2  |i Al64  |p 18366.95  |t Ej.10  |v II  |3 II 
859 |a CEMS  |b BIB. CEMS - 11 de abril  |h 940.2  |i Al64  |p 18367.95  |t Ej.11  |v II  |3 II 
859 |a CEMS  |b BIB. CEMS - 11 de abril  |h 940.2  |i Al64  |p 18368.95  |t Ej.12  |v II  |3 II